000 00270nam a2200121Ia 4500
008 230312s9999||||xx |||||||||||||| ||und||
082 _a658.54
_bWAG:H
100 _aWagen:lynn
245 0 _aHospitality management
300 _a584
650 _aManagement
942 _cBK
999 _c14617
_d14617